[Event "Sao Jose dos Campos op"]
[Site "Sao Jose dos Campos"]
[Date "2012.??.??"]
[Round "1"]
[White "Da Silva Jonas, Tiago Filipe"]
[Black "Sousa, Fabio de Fatima"]
[Result "1/2-1/2"]
[WhiteElo "1851"]
[BlackElo "1783"]
[PlyCount "117"]
[EventDate "2012.11.29"]
[EventType "swiss"]
[EventRounds "7"]
[EventCountry "BRA"]
[SourceTitle "EXT 2014"]
[Source "ChessBase"]
[SourceDate "2013.11.20"]
[SourceVersion "1"]
[SourceVersionDate "2013.11.20"]
[SourceQuality "1"]

1. e4 c5 2. Nf3 d6 3. d4 cxd4 4. Nxd4 Nf6 5. Nc3 a6 6. h3 e5 7. Nb3 Be6 8. g4 Be7 9. a4 0-0 10. Bg2 Nbd7 11. Be3 Rc8 12. 0-0 Nb6 13. Nd2 Qc7 14. f4 exf4 15. Bxf4 Nfd7 16. a5 Nc4 17. Nxc4 Bxc4 18. Re1 Ne5 19. Be3 Bh4 20. Bb6 Qc6 21. Re3 Bg5 22. Re1 Bh4 23. Bf2 Bxf2+ 24. Kxf2 Be6 25. Re2 Qc5+ 26. Kg3 Nc4 27. Na4 Qxa5 28. b3 Qe5+ 29. Kf2 Qf4+ 30. Kg1 Ne3 31. Qd3 Nxg2 32. Kxg2 Rc6 33. c4 Rfc8 34. Nb2 b5 35. Rf2 Qe5 36. Rc1 d5 37. Rd2 Qxe4+ 38. Qxe4 dxe4 39. Rd4 g6 40. g5 Kf8 41. Kg3 Bf5 42. Nd1 bxc4 43. bxc4 Be6 44. Ne3 a5 45. Rxe4 a4 46. Ra1 Bxc4 47. Rxa4 Be6 48. Ng4 Rc3+ 49. Kh4 Kg7 50. Ra7 Bxg4 51. Kxg4 Rd8 52. Rf4 Rf8 53. h4 Kg8 54. h5 gxh5+ 55. Kxh5 Kg7 56. Ra6 Re8 57. Ra7 Rf8 58. Rf6 Rc4 59. Rb7 1/2-1/2